Propuesta arquitectónica de "Centro dormitorio y de atención para personas en situación de indigencia" en San José
Salvato in:
| Autore principale: | |
|---|---|
| Altri autori: | |
| Natura: | Sconosciuto |
| Lingua: | Spanish |
| Pubblicazione: |
[San José, Costa Rica]
2013
|
| Soggetti: | |
| Accesso online: | https://cedi.ucr.ac.cr/arquitectura/propuesta-arquitectonica-de-centro-dormitorio-y-de-atencion-para-personas-en-situacion-de-indigencia-en-san-jose/ |
| Tags: |
Aggiungi Tag
Nessun Tag, puoi essere il primo ad aggiungerne!!
|
MARC
| LEADER | 00000 a2200000 4500 | ||
|---|---|---|---|
| 003 | EA0093 | ||
| 005 | 20231005155133.0 | ||
| 008 | 140114s2013 cr a 000 ||spa d | ||
| 040 | |c cru CEDI | ||
| 090 | |a TFG EA-093 | ||
| 100 | |a Méndez Sánchez, Henry |9 20135 | ||
| 245 | |a Propuesta arquitectónica de "Centro dormitorio y de atención para personas en situación de indigencia" en San José | ||
| 260 | |a [San José, Costa Rica] |c 2013 | ||
| 500 | |a Proyecto de graduación (licenciatura en arquitectura)--Universidad de Costa Rica. Facultad de Ingeniería. Escuela de Arquitectura | ||
| 501 | |a Directora de Proyecto de Graduación: Arq. Lic. Emily Vargas Soto | ||
| 650 | |x DISEÑO ARQUITECTONICO - COSTA RICA |x ARQUITECTURA - DISEÑOS Y PLANOS |x ARQUITECTURA - DISEÑOS Y PLANOS |x PERSONAS INDIGENTES - SAN JOSE (COSTA RICA) |9 20136 | ||
| 700 | |9 103 |a Vargas Soto, Emily, 1982- |d Directora del TFG | ||
| 856 | |u https://cedi.ucr.ac.cr/arquitectura/propuesta-arquitectonica-de-centro-dormitorio-y-de-atencion-para-personas-en-situacion-de-indigencia-en-san-jose/ |y https://cedi.ucr.ac.cr/arquitectura/propuesta-arquitectonica-de-centro-dormitorio-y-de-atencion-para-personas-en-situacion-de-indigencia-en-san-jose/ | ||
| 942 | |c CEDI |2 ddc | ||
| 999 | |c 13152 |d 13152 | ||
